1603 1838 1733 1475 1101 1539 1513 1721 1441 1160 1673 1181 1485 1515 1064 1867 1287 1117 1849 1078 1078 2000 1509 1964 1836 1858 1583 1525 1680 1369 1834 1411 1942 1142 1121 1739 1838 1792 1458 1296 1879 1803 1193 1528 1369 1617 1134 1324 1556 1866 1687 1878 1343 1871 1424 1095 1322 1764 1227 1388 1190 1800 1032 1401 1591 1267 1872 1802 1815 1016 1840 1542 1011 1678 1598 1835 1071 1113 1759 1694 1780 1627 1105 1867 1101 1159 1995 1104 1007 1244 1848 1394 1714 1023 1020 1823 1677 1452 1879 BCNSPRNW ULIB Ver.6.0+V

เปลี่ยนเป็นภาษาไทย

Change to English
 แสดงรายละเอียดบรรณานุกรม
  กลับหน้าหลัก

Brief Record : Get Marc (ISO 2709) : E-mail record : QR code < ปิดหน้าต่าง
LEADER : 00000nam 2200000uu 4500
001    13399123501
003     ULIB
008    141001s2556||||th 000 0 tha d
020    ^a9786162792144
060 04 ^aWB115^bพ641อ
245 00 ^aอายุรศาสตร์ทันยุค 2556 =^bUpdate in internal medicine 2013 /^cบรรณาธิการ, พูลชัย จรัสเจริญวิทยา, วันรัชดา คัชมาตย์, พจมาน พิศาลประภา
246 31 ^aUpdate in internal medicine 2013
250    ^aพิมพ์ครั้งที่ 1
260    ^aกรุงเทพฯ :^bภาควิชาอายุรศาสตร์ คณะแพทยศาสตร์ศิริราชพยาบาลมหาวิทยาลัยมหิดล,^c2556
300    ^a[18], 528 หน้า :^bภาพประกอบ ;^c26 ซม.
505 0  ^a^tการวินิจฉัยวัณโรคด้วยเครื่องมือใหม่ - -^tการวินิจฉัยวัณโรคด้วยการเพาะเชื้อ - -^tการตรวจประเมินจุดในปอดด้วยภาพรังสีทรวงอก --^tการตรวจสมรรถภาพปอด - -^tการประเมินการทำงานของเกล็ดเลือดด้วย Throboelastography - -^tการตรวจเบื้องต้นเพื่อการวินิจฉัยโรคเลือดออกง่าย- -^tการตรวจเพื่อหการวินิจฉัยภาวะลิ่มเลือดอุดตันหลอดเลือด - -^tการตรวจเพื่อการวินิจฉัยภาวะโลหิตจางจากการขาดสารอาหาร- -^tการตรวจระดับซีรั่มแอลบูมินและการประเมินภาวะโภชนาการ - -^tการตรวจวิเคราะห์ก๊าซในเลือดแดง - -^tการประเมินการหายใจไม่สัมพันธ์กับเครื่อง - -^tการติดตามการหายใจด้วยวิธี non-invasive - -^tเป้าหมายของการรักษาภาวะช็อก - -^tการวัดความดันโลหิตที่บ้านและติดตามความดันโลหิตตลอด 24 ชั่วโมง - -^tการตรวจทางพันธุศาสตร์ - -^tการสืบค้นที่เหมาะสมสำหรับภาวะสับสนในผู้ป่วยสูงอายุ - -^tเกณฑ์การวินิจฉัยใหม่สำหรับโรคอัลไซเมอร์ : บทบาทของเครื่องหมายชีวภาพ - -^tการตรรวจพิเศษทางรังสีของระบบประสาท - -^tการตรวจภาพรังสีเพื่อประเมินโรคหลอดเลือดสมอง - -^tแนวทางการสืบค้นอาการปวดศีรษะ - -^tการตรวจวิเคราะห์น้ำไขสันหลังเพื่อการวินิจฉัยโรคระบบประสาทที่ไม่ได้เกิดจากการติดเชืิ้อ - -^tการตรวจวิเคราะห์น้ำไขสันหลังเพื่อการวินิจฉัยโรคสมองติดเชื้อ- -^tAntinuclear antibody ในโรคข้อและรูมาติสซั่ม - -^tเงื่อนชี้นำในโรคผิวหนังสำหรับอายุรแพทย์- -^tการตรวจเพื่อติดตามการรักษาเบาหวาน - -^tการตรวจการทำงานของต่อมไทรอยด์ - -^tการวินิจฉัยและการรักษาโรคติดเชื้อทางเดินหายใจส่วนบน - -^tการวินิจฉัยและการรักษาไข้เฉียบพลันที่ไม่ทราบสาเหตุ - -^tไข้ไม่ทราบสาเหตุอันเนื่องมาจากการติดเชื้อ - -^tไข้ไม่ทราบสาเหตุอันเนื่องมาจากมะเร็ง - -^tการตรวจเพื่อวินิจฉัยโรคติดเชื้อราชนิตลุกลาม - -^tการตรวจวเพื่อวินิจฉัยปอดอักเสบที่เกี่่ยวข้องกับเครื่องช่วยหายใจ - -^tการตรวจเพื่อวินิจฉัยการติดเชื้อเอชไอวีในผู้ใหญ่ - -^tการทดสอบภูมิแพ้ - -^tการตรวจเพื่อวินิจฉัยโรคโกลเมอรูลัส - -^tการตรวจวินิจฉัยความผิดปกติของดุลกรดด่างแบบเป็นขั้นตอน - -^tสารบ่งชี้มะเร็ง - -^tการตรวจประเมินการทำงานของตับ - -^tการตรวจทางรังสีวิทยาในภาวะตับแข็ง - -^tการตรวจเพื่อวินิจฉัยโรคไวรัสตับอักเสบเฉียบพลันและเรื้อรัง - -^tการตรวจเพื่อวินิจฉัยอาการปวดลิ้นปี่เฉียบพลัน - -^tการตรวจหาเลือดออกแฝงในอุจจาระ - -^tการตรวจวัดสสารเพื่อวินิจฉัยภาวะหัวใจขาดเลือดเฉียบพลัน - -^tการตรวจแคลเซียมในผนังหลอดเลือดโคโรนารี- -^tการวินิจฉัยมลพิษอย่างเฉียบพลัน
650  4 ^aอายุรศาสตร์
650  4 ^aอายุรศาสตร์^vรวมเรื่อง
650  4 ^aการประกอบวิชาชีพเวชกรรม
650  4 ^aการวินิจฉัยโรค
650  4 ^aการรักษาโรค
653    ^aผลงานอาจารย์คณะแพทยศาสตร์ศิริราชพยาบาล
700 0  ^aพูลชัย จรัสเจริญวิทยา,^eบรรณาธิการ
700 0  ^aวันรัชดา คัชมาตย์,^eบรรณาธิการ
700 0  ^aพจมาน พิศาลประภา,^eบรรณาธิการ
710    ^aมหาวิทยาลัยมหิดล. ^bคณะแพทยศาสตร์ศิริราชพยาบาล.^bภาควิชาอายุรศาสตร์
945    ^p390^l0^i20862
945    ^p390^l0^i20863
945    ^p390^l0^i20864
945    ^p390^l0^i20865
945    ^p390^l0^i20866
999    ^aทศพร เกษรทอง
รายการนี้ยังไม่มีแท็ก
คุณยังไม่ได้ล็อกอิน คุณสามารถมีกิจกรรมร่วมกับเว็บไซต์ได้ แต่ต้องล็อกอินก่อน ::
  ล็อกอิน

รายการสื่อสารสนเทศ

ลำดับที่ ประเภท เลขเรียก/บาร์โค้ด สถานที่ สถานะ
1. วิทยาศาสตร์การแพทย์ และสุขภาพ
วิทยาศาสตร์การแพทย์ และสุขภาพ
สถานะ=หนังสือเก่า
WB115 พ641อ ฉ.1 
  Barcode: 20862
ห้องสมุดวิทยาเขตนครสวรรค์
►ส่วนจัดเก็บหนังสือเก่า นว.
บนชั้น
  ขอยืม
2. วิทยาศาสตร์การแพทย์ และสุขภาพ
วิทยาศาสตร์การแพทย์ และสุขภาพ
สถานะ=หนังสือเก่า
WB115 พ641อ ฉ.2 
  Barcode: 20863
ห้องสมุดวิทยาเขตนครสวรรค์
►ส่วนจัดเก็บหนังสือเก่า นว.
บนชั้น
  ขอยืม
3. วิทยาศาสตร์การแพทย์ และสุขภาพ
วิทยาศาสตร์การแพทย์ และสุขภาพ
สถานะ=หนังสือเก่า
WB115 พ641อ ฉ.3 
  Barcode: 20864
ห้องสมุดวิทยาเขตนครสวรรค์
►ส่วนจัดเก็บหนังสือเก่า นว.
บนชั้น
  ขอยืม
4. วิทยาศาสตร์การแพทย์ และสุขภาพ
วิทยาศาสตร์การแพทย์ และสุขภาพ
สถานะ=หนังสือเก่า
WB115 พ641อ ฉ.4 
  Barcode: 20865
ห้องสมุดวิทยาเขตนครสวรรค์
►ส่วนจัดเก็บหนังสือเก่า นว.
บนชั้น
  ขอยืม
5. วิทยาศาสตร์การแพทย์ และสุขภาพ
วิทยาศาสตร์การแพทย์ และสุขภาพ
สถานะ=หนังสือเก่า
WB115 พ641อ ฉ.5 
  Barcode: 20866
ห้องสมุดวิทยาเขตนครสวรรค์
►ส่วนจัดเก็บหนังสือเก่า นว.
บนชั้น
  ขอยืม

รายการใกล้เคียง
    หัวเรื่อง [อายุรศาสตร์]
    หัวเรื่อง [การประกอบวิชาชีพเวชกรรม]
    หัวเรื่อง [การวินิจฉัยโรค]
    หัวเรื่อง [การรักษาโรค]

BibComment


ยังไม่เคยถูกคอมเมนท์

คอมเมนท์ทรัพยากรรายการนี้
  คอมเมนท์: อายุรศาสตร์ทันยุ..


 Copyright 2026. Bcnsprnw @Library